000 00403nam a2200157Ia 4500
008 230524s9999 xx 000 0 und d
082 _a338.04
_bROY
100 _aAurnob Roy
245 0 _aBusiness Policy & Strategic Management (Text & Cases)
250 _aIST
260 _aNEW DELHI
_bVrinda Pub
_c2008
300 _aXVI;597
500 _aQuantity Number: 2
650 _aManagement
942 _cBK
999 _c46643
_d46643